Normal view
MARC view
- Pakistan -- Politics and Government -- 1971-1988
Entry Topical Term
001 - CONTROL NUMBER
- control field: 46352
003 - CONTROL NUMBER IDENTIFIER
- control field: NUST
005 - DATE AND TIME OF LATEST TRANSACTION
- control field: 20210314133514.0
008 - FIXED-LENGTH DATA ELEMENTS
- fixed length control field: 210314|| aca||aabn | a|a d
040 ## - CATALOGING SOURCE
- Original cataloging agency: NUST
- Transcribing agency: NUST
150 ## - HEADING--TOPICAL TERM
- Topical term or geographic name entry element: Pakistan -- Politics and Government -- 1971-1988
670 ## - SOURCE DATA FOUND
- Source citation: Work cat.: (NUST): Burki, Shahid Javed 2782, Pakistan under the military, 1991
